| 000 | 00418nam a22001697a 4500 | ||
|---|---|---|---|
| 005 | 20180718150816.0 | ||
| 008 | 160524b xxu||||| |||| 00| 0 eng d | ||
| 020 | _a978-0-07-22136-1 | ||
| 041 | _aeng | ||
| 082 |
_b4662 _a658.1599 |
||
| 100 |
_aAPTE, P.G. _91160 |
||
| 245 | _aInternational Financial Mgt. | ||
| 260 |
_aNew Delhi _bAcademic Faundation |
||
| 300 | _a686p, | ||
| 650 |
_aManagement _9241 |
||
| 942 | _cBK | ||
| 999 |
_c1576 _d1575 |
||